The North India Church Review (Record no. 201207)
[ view plain ]
| 000 -LEADER | |
|---|---|
| fixed length control field | 00324nam a2200097 4500 |
| 008 - FIXED-LENGTH DATA ELEMENTS--GENERAL INFORMATION | |
| fixed length control field | 240305b |||||||| |||| 00| 0 eng d |
| 245 ## - TITLE STATEMENT | |
| Title | The North India Church Review |
| Statement of responsibility, etc | edited by Karishma Martin |
| 260 ## - PUBLICATION, DISTRIBUTION, ETC. (IMPRINT) | |
| Place of publication, distribution, etc | New Delhi |
| Name of publisher, distributor, etc | The North India Church review |
| Date of publication, distribution, etc | Jan 2024 |
| 300 ## - PHYSICAL DESCRIPTION | |
| Extent | vol. 54, no.01 |
| Other physical details | ill. |
| Dimensions | 28cm |
| 942 ## - ADDED ENTRY ELEMENTS (KOHA) | |
| Source of classification or shelving scheme | Dewey Decimal Classification |
| Item type | Periodicals |
| Call number suffix | NOR |
| Withdrawn status | Lost status | Source of classification or shelving scheme | Damaged status | Not for loan | Collection code | Home library | Current library | Shelving location | Date acquired | Cost, normal purchase price | Total Checkouts | Full call number | Date last seen | Price effective from | Koha item type |
|---|---|---|---|---|---|---|---|---|---|---|---|---|---|---|---|
| Dewey Decimal Classification | Not For Loan | Non-fiction | D.B.Act.Division | D.B.Act.Division | On Display | 05/03/2024 | 20.00 | NOR | 05/03/2024 | 05/03/2024 | Periodicals |
